La cartografía de los De Agostini = La cartografia dei De Agostini.

Salvato in:
Dettagli Bibliografici
Ente Autore: Istituto Italiano di Cultura (autor)
Natura: Libro
Lingua:italiano
spagnolo
Pubblicazione: Santiago, Chile: Istituto Italiano di Cultura, 2011.
Edizione:Edición bilingüe.
Soggetti:
Tags: Aggiungi Tag
Nessun Tag, puoi essere il primo ad aggiungerne!!

MARC

LEADER 00000cam a2200000 a 4500
001 UCF5988
003 CL-VaPUC
005 20230125074252.0
008 130404e20110000CL |||||||||||||||||ita|d
999 |c 351381  |d 351379 
040 |c Pontificia Universidad Católica de Valparaíso 
041 0 7 |a ita  |2 CL-VaPUC 
041 0 7 |a spa  |2 CL-VaPUC 
082 0 4 |a 912.09 INS 2011  |2 21 
110 2 |a Istituto Italiano di Cultura  |e autor  |9 568032 
245 1 3 |a La cartografía de los De Agostini = La cartografia dei De Agostini. 
250 |a Edición bilingüe. 
260 |a Santiago, Chile:  |b Istituto Italiano di Cultura,  |c 2011. 
300 |a 67 páginas; ilustraciones. 
500 |a c.1 Donación Rectoria Diciembre 2022. 
583 |a last modification  |c 20130404 09:53:00  |k Rodrigo Vera 
650 0 |a Cartografía   |9 266055 
650 0 |a Cartografía antigua  |2 CL-VaPUC  |9 514815 
650 0 |a Mapas  |9 260844 
650 0 |a Geografía antigua  |2 CL-VaPUC  |9 266056 
942 |c BK  |2 ddc 
945 |d 20130404 00:00:00  |a dcastane 
952 |0 0  |1 0  |4 0  |6 912_090000000000000_INS_2011  |7 0  |8 X  |9 455431  |a FDOBUD  |b FDOBUD  |d 2019-11-22  |i 4881354  |o 912.09 INS 2011  |p 4881354  |r 2019-11-22  |w 2019-11-22  |y BK_X  |k BUD 
952 |0 0  |1 0  |2 ddc  |4 0  |6 912_090000000000000_INS_2011  |7 0  |8 A  |9 588707  |a BIBHIS  |b BIBHIS  |c GEN  |d 2023-01-24  |e Donación  |i 5656479  |o 912.09 INS 2011  |p 5656479  |r 2025-01-20  |t 1  |w 2023-01-24  |y BK  |k HIS